<?xml version="1.0" encoding="UTF-8"?>
<record
    xmlns:xsi="http://www.w3.org/2001/XMLSchema-instance"
    xsi:schemaLocation="http://www.loc.gov/MARC21/slim http://www.loc.gov/standards/marcxml/schema/MARC21slim.xsd"
    xmlns="http://www.loc.gov/MARC21/slim">

  <leader>00396    a2200121   4500</leader>
  <controlfield tag="001">ART_46619</controlfield>
  <controlfield tag="005">20260410161606.0</controlfield>
  <controlfield tag="008">260409a                                 </controlfield>
  <datafield tag="245" ind1="1" ind2="0">
    <subfield code="a">Tratamiento de la normativa contable de los costos por pr&#xE9;stamos</subfield>
  </datafield>
  <datafield tag="100" ind1="1" ind2=" ">
    <subfield code="a">Faccendini, Yanina C.</subfield>
  </datafield>
  <datafield tag="700" ind1="1" ind2=" ">
    <subfield code="a">Oubi&#xF1;a, Gabriel H.</subfield>
  </datafield>
  <datafield tag="773" ind1="0" ind2=" ">
    <subfield code="t">Profesional &amp; Empresaria</subfield>
    <subfield code="g">- A&#xF1;o XIX, N&#xBA; 225 (jun. 2018)</subfield>
    <subfield code="w">REV70</subfield>
  </datafield>
  <datafield tag="999" ind1=" " ind2=" ">
    <subfield code="c">10217</subfield>
    <subfield code="d">10217</subfield>
  </datafield>
</record>
